000 01139cab a2200313 4500
001 ABS48086
008 090401t1993 xxu||||| |||| 00| 0 eng d
035 _a(Sirsi) u64892
041 _aeng
100 _aStranks, J.
245 _aHealth and safety at work: the new regulations
260 _c1993
350 _a0
490 _aEnvironmental Policy and Practice
_v2(4) 1993, 392-298(4)
520 _aSummarises the main provisions of the six EC health and safety and work directives issued in 1992.
650 _aCODE OF PRACTICE
650 _aDUTIES OF EMPLOYERS
650 _aHEALTH AND SAFETY (DISPLAY SCREEN EQUIPMENT) REGULATIONS
650 _aMANAGEMENT OF HEALTH AND SAFETY AT WORK REGULATIONS 1992
650 _aMANUAL HANDLING OPERATIONS REGULATIONS 1992
650 _aPERSONAL PROTECTIVE EQUIPMENT AT WORK REGULATIONS 1992
650 _aPROVISION AND USE OF WORK EQUIPMENT REGULATIONS 1992
650 _aVDUS
650 _aWORKPLACE (HEALTH, SAFETY AND WELFARE) REGULATIONS 1992
650 _aWORKPLACE MANAGEMENT
690 _aOFFICE SERVICES AND ADMINISTRATION
942 _n0
948 _c04/03/1997
999 _c40431
_d40431